Quizzes
Events
Quiz Creation
Community
Videos
Private Events
Remove Ads
Sign In
Join for FREE
Feedback
Dark Mode
Quiz Categories
Sports
Geography
Music
Movies
Television
Just For Fun
Miscellaneous
History
Literature
Language
Science
Gaming
Entertainment
Religion
Holiday
For Kids
Quiz Lab
Recent
Popular Today
Quiz Kudos Today
Editor Picks
Curator Picks
Quizzes by...
Day
Popularity
Type
Ratings
Length
Year
Community
Subscriptions
Recent Discussions
Orange Saloon
Badges
Playlists
Quests
Create
Leaderboards
Showdown
Live 5
Trivia Bingo
Activity
Puzzle Library
Sporcle Events
Private Events
Virtual Trivia
Globe League
Become a Host
Pub Owners
SporcleCon
Opinionation
Our Games
Videos
Blog
Mobile Apps
Partnerships
Remove Ads and Go Orange
Feedback
Television
TV Characters
TV Show
Sitcom
Network
Friends
Reality Shows
Cast
South Park
Star Trek
The Simpsons
Doctor Who
Television
TV Characters
TV Show
Sitcom
Network
Friends
Reality Shows
Cast
South Park
Star Trek
The Simpsons
Doctor Who
Random Quiz
Search Sporcle
×
Quiz Lab
Quiz Lab
Television
Actor
Type in answers that appear in a list
Type in answers that appear in a list
Classic
Best Score? Go Orange.
Susedia - TV sitcom cast Stats
Can you name the actors who played in Slovak TV comedy series Susedia?
By
jakubkonecny731
3m
18 Questions
12 Plays
12 Plays
12 Plays
Comments
Comments
Give Quiz Kudos
Give Quiz Kudos
-
- Ratings
hide this ad
More Info
Replay
Link that replays current quiz
Next Quiz
Link to next quiz in quiz playlist
You Got
0%
They Got
Avg Score
38%
Avg Friend Score
Upgrade to see
Score Distribution
Jump to the score distribution portion of the page
Score
0/18
Timer
03:00
0
Plays Today
Character
Actor/actress
% Correct
František Stromokocúr
Peter Marcin
91.7%
Lászlo Komárom
Andy Kraus
83.3%
Ildikó Komárom
Viki Ráková
83.3%
Zuzana Stromokocúrová
Zuzana Tlučková
75%
Marta Sladká
Marta Sládečková
75%
František's father
Janko Lehotský
50%
František's mother
Eva Matejková
33.3%
Mr. Krajčír, neighbour
Pavol Topoľský
33.3%
Jarko, friend of Marta
Marián Slovák
33.3%
Character
Actor/actress
% Correct
Gergely Komárom
Tomáš Majláth
25%
Lieutanant/
poručík Fekete
Karol Čálik
25%
Milka Stromokocúrová
Kristína Pírová
16.7%
Ruženka, waitress at 'U Doktora'
Lujza Schrameková
16.7%
Katika, secretary of the Minister of Interior
Veronika Paulovičová
16.7%
The postman
Karol Horváth
8.3%
Aňuci, Ildikó's mother
Aranka Szentpétery
8.3%
Iboja, friend of Ildikó
Henrieta Rábová
8.3%
Eugen Jurík, boss of Zuzana
Ivan Romančík
8.3%
Quiz Playlist
Details
Report
Send in Message
Add To Playlist
More Info:
This quiz is composed of every character that had played in at least 2 episodes of TV series Susedia.
Classic:
Type in answers that appear in a list
Last Updated: May 21, 2017
Quiz Scoreboard
CHALLENGE
Sign Up to Join the Scoreboard
Show All
Scores
Hide
Comments
May contain spoilers
Recently Published
Billboard Blitz: Fleetwood Mac
by CooCooCachoo
Music
15s
Presidents Visiting Landmarks
by Hejman
History
7m
An Introduction to Baseball
by treessimontrees
Sports
5m
More to Explore
Quiz From the Vault
Featured Blog Post
Where Did the Easter Bunny Come From?
hide this ad
You Might Also Like...
Tags
Actor Quiz
Actress Comedy
co-actor
Comedy
cultural
culture
Lead Actor
Slovakia
Supporting Actor
Televised
Television Stars
Today's Top Quizzes in Television
Browse Television
hide this ad
Today's Top Quizzes in Actor
Browse Actor
Top Contributed Quizzes in Television
1
5-to-1: The Simpsons Families
2
5-to-1: Television Doctors
3
7-to-1: TV Show Settings
4
One Piece Logic Puzzle
5
5-to-1: Streaming Originals
6
Survivor Seasons
7
Survivor Logic Puzzle: Heroes vs. Villains
8
TV Shows by First Names
9
Survivor Season by Logo
10
One Thing in Common: Television
Explore More
Trending Topics
Marvel
Disney
Anime
Kpop
Harry Potter
Crossword
NBA
NFL
WWE
Soccer
Song
Country
The Office
Pokémon
Puzzle
hide this ad
More By:
jakubkonecny731
Quiz
Plays
Rating
Category
Featured
Created
100 longest rivers of Europe
1,508
4.75
Geography
Oct 19, 2018
ASEAN Leaders (Philippines 2017)
1,333
5.00
History
Jul 21, 2017
Most capped Springboks
588
5.00
Sports
Apr 10, 2020
Mumford and Sons - Believe lyrics
348
4.50
Music
May 14, 2017
Mumford and Sons - Ditmas lyrics
303
5.00
Music
Jul 10, 2017
Go to Creator's Profile
Score Distribution
Quiz Creator Spotlight
jakubkonecny731
Follow
Send a Message
Quizzes Created
-
Created Quiz Play Count
-
More By This Creator
Popular Quizzes Today
1
Find the US States - No Outlines Minefield
2
Find the Countries of Europe - No Outlines Minefield
3
The Countries of the World
4
Find the US States
5
US States
6
Popular People in 1961
7
Risky Map Clicking: Biggest States A-Z
8
Movies - When Are They Set?
More Television Quizzes
One Word Emmy TV Shows (A-Z)
Editor's Pick
Trending Quizzes
Risky Map Clicking: Least Populous States A-Z
1-10 Letter G Words
1-10 Letter F Words
Risky Map Clicking: Next State Alphabetically
Risky Map Clicking: Biggest States A-Z
Recently Updated
Leaping Animals
pecheneg
Reality TV Shows (A-Z)
bhenderson79
Rickey Henderson's Hall of Fame Teammates
pecheneg
Champions League XIs: Arsenal
pecheneg
Quick Pick: Celebrities in WWE's Hall of Fame
aduchscher
A-Z Keypad Blitz II
pecheneg
Multiple Oscar Actors
pecheneg
Mystery Phrase Blitz: Oscar 'Best Actors'
pecheneg
F. Scott Fitzgerald Novels
LTH
Pick 3 Villains
ddd62291
Trending Topics
Disney
Crossword
Marvel
Anime
Harry Potter
Kpop
NBA
Puzzle
Pokémon
NFL
WWE
The Office
Soccer
Country
Song
Your Account Isn't Verified!
In order to create a playlist on Sporcle, you need to verify the email address you used during registration. Go to your
Sporcle Settings
to finish the process.
Report this User
Report this user for behavior that violates our
Community Guidelines
.
Details:
Send Report
Go to the Sporcle.com Mobile Site →
Comments